000 00240nam a22001097a 4500
082 _a388.42LES
100 _aLesley L
245 _aLight rall devlopers handbook
260 _aNew Delhi
_bCengagelerning
_c2011
300 _a267p
942 _cBK
999 _c14516
_d14516